000 00633cam a2200229 4500
008 090401t1988 xxu||||| |||| 00| 0 eng d
020 _a029139745X
035 _a(Sirsi) u21490
041 _aeng
050 _a690.241
100 _aAshurst, John
245 _aPractical building conservation ...Volume 1: stone masonry
260 _aAldershot,Hants
_bGower Technical Press
_c1988
300 _axiii,100p. : ill. ; 25cm.
350 _a14.95
490 _aEnglish Heritage Technical Handbook
650 _aCONSERVATION
650 _aHISTORIC BUILDINGS
700 _aAshurst, Nicola
942 _n0
948 _c04/03/1997
999 _c87990
_d87990